Κατάλογος Βιβλιοθηκών Mediterranean College

Fundamentals of Financial Management / 4th Edition (Record no. 831)

MARC details
000 -LEADER
fixed length control field 02507cam a22002174a 4500
005 - ΗΜΕΡΟΜΗΝΙΑ ΚΑΙ ΩΡΑ ΤΕΛΕΥΤΑΙΑΣ ΕΝΗΜΕΡΩΣΗΣ
Πεδίο ελέγχου 20250605163947.0
008 - FIXED-LENGTH DATA ELEMENTS--GENERAL INFORMATION
Πεδίο ελέγχου σταθερού μήκους 250528s ||||||||||||||||||||||||d
035 ## - SYSTEM CONTROL NUMBER
System control number 15238
020 ## - ISBN
ISBN 133394085
040 ## - ΠΗΓΗ ΚΑΤΑΛΟΓΟΓΡΑΦΗΣΗΣ
Φορέας πρωτότυπης καταλογογράφησης MC Athens Campus Library
Γλώσσα καταλογογράφησης Ελληνικά, Μοντέρνα (1453-)
Modifying agency MC Athens Campus Library
Κανόνες περιγραφικής καταλογογράφησης AACR2
245 1# - ΤΙΤΛΟΣ ΚΑΙ ΔΗΛΩΣΗ ΥΠΕΥΘΥΝΟΤΗΤΑΣ
Τίτλος Fundamentals of Financial Management / 4th Edition
250 ## - EDITION STATEMENT
Edition statement 4th
260 ## - PUBLICATION, DISTRIBUTION, ETC.
Name of publisher, distributor, etc. Prentice Hall,
Date of publication, distribution, etc. 1980
300 ## - PHYSICAL DESCRIPTION
Extent 656
505 0# - FORMATTED CONTENTS NOTE
Formatted contents note Preface, Introduction, The Role of Financial Management, The Legal and Tax Environment, Principles of Financial Returns, The Role of Financial Markets for the Business Firm, Compound Interest and Present Value, Foundations for Valuation, Tools of Financial Analysis and Planning, Financial Analysis, Funds Analysis and Financial Planning, Working - Capital Management, Current Asset and Liability Structure Decisions, Cash and Marketable Securities, Accounts Receivable, Inventory Management and Control, Spontaneous Financing, Short-Term Borrowings, Investing in Capital Assets, Capital Budgeting, Risk and Capital Budgeting, Required Returns on Capital Investments, Capital Structure and Dividend Policies, Leveraging the Firm, Conceptual Aspects of Capital Structure, Dividend Policy and Retained Earnings, Longer-Term Financing-Instruments and Markets, Financing the Firm Externally, Term and Lease Financing, Long-Term Debt, Preferred Stock and Common Stock, Expansion and Contraction, Index.
520 ## - SUMMARY, ETC.
Summary, etc. Preface, Introduction, The Role of Financial Management, The Legal and Tax Environment, Principles of Financial Returns, The Role of Financial Markets for the Business Firm, Compound Interest and Present Value, Foundations for Valuation, Tools of Financial Analysis and Planning, Financial Analysis, Funds Analysis and Financial Planning, Working - Capital Management, Current Asset and Liability Structure Decisions, Cash and Marketable Securities, Accounts Receivable, Inventory Management and Control, Spontaneous Financing, Short-Term Borrowings, Investing in Capital Assets, Capital Budgeting, Risk and Capital Budgeting, Required Returns on Capital Investments, Capital Structure and Dividend Policies, Leveraging the Firm, Conceptual Aspects of Capital Structure, Dividend Policy and Retained Earnings, Longer-Term Financing-Instruments and Markets, Financing the Firm Externally, Term and Lease Financing, Long-Term Debt, Preferred Stock and Common Stock, Expansion and Contraction, Index.
700 1# - ΠΡΟΣΘΕΤΗ ΑΝΑΓΡΑΦΗ--ΦΥΣΙΚΟ ΠΡΟΣΩΠΟ
Personal name Van Horne James C
9 (RLIN) 1116
942 ## - ADDED ENTRY ELEMENTS (KOHA)
Koha item type Books
Holdings
Τύπος τεκμηρίου Βιβλιοθήκη Τρέχουσα τοποθεσία Barcode Αριθμός εισαγωγής Ημερομηνία απόκτησης Ταξιθετικό σύμβολο Αριθμός αντιτύπου Κατάσταση απόσυρσης Κατάσταση χαμένου Κατάσταση κατεστραμμένου Μη δανεισμός Σύνολο δανεισμών Ημερομηνία τελευταίας εμφάνισης Η τιμή ισχύει από
Books MC Athens Campus Library MC Athens Campus Library 9780000008305 1475 05/06/2025 658.1/5 VAN 1           05/06/2025 05/06/2025

MC Athens Campus Library
Πατησίων 94 & Κοδριγκτώνος 13, 104 34
Πελλήνης 8 & Πατησίων 107, 112 51
Τ: +30 210 8899600

MC Thessaloniki Campus Library
Ίωνος Δραγούμη 21, 54625 | Ίωνος Δραγούμη 15, 54625
Τ: +30 2310 287779 – Τ: +30 2314 440300